| 000 | 00741cam a2200253 a 4500 | ||
|---|---|---|---|
| 001 | 3735731 | ||
| 003 | OSt | ||
| 005 | 20230629135055.0 | ||
| 008 | 820308s1949 ke k f001 0 eng | ||
| 010 | _a 81101110 | ||
| 040 |
_aDLC _cDLC _dDLC |
||
| 043 | _af-ke--- | ||
| 050 | 0 | 0 |
_aKSK3564.81948 _b.A2 1949 |
| 082 | 0 | 0 |
_a347.676/205 _a346.762075 _219 _bKEN |
| 110 | 1 | _aKenya. | |
| 245 | 1 | 0 |
_aCivil Procedure (Revised) Rules, 1948 / _cColony and Protectorate of Kenya. |
| 260 |
_aNairobi : _bGovt. Printer, _c1949. |
||
| 300 |
_a261 p. : _bforms ; _c25 cm. |
||
| 500 | _aIncludes index. | ||
| 650 | 0 |
_aCivil procedure _zKenya. |
|
| 906 |
_a7 _bcbc _corignew _d3 _encip _f19 _gy-gencatlg |
||
| 942 |
_2ddc _cBK |
||
| 999 |
_c3089 _d3089 |
||